Избрани произведения (Запис номер 185700)
[ съкратено ]
| 000 -Лидер | |
|---|---|
| Контролно поле с фиксирана дължина | 01803nam a2200361 c 4500 |
| 003 - Код на организацията, давaща контролен номер | |
| Контролно поле | BLK |
| 005 - Дата и час на последна редакция | |
| Контролно поле | 20180422115429.0 |
| 008 - Елементи от данни с фиксирана дължина | |
| fixed length control field | 180411b bul|||||r ||||||| ||bul|| |
| 010 ## - Наследен системен номер | |
| LC control number | KNG00194694000 |
| 040 ## - Източник на каталожния запис | |
| Идентификатор на билиотеката - собственик на записа | BLK |
| 041 ## - Код за език | |
| Код за езика на текст/звукозапис или на отделно заглавие | Български |
| Код за езика КДБФ | Български |
| 080 ## - УДК | |
| Текстов определител УДК | Гражданско право |
| УДК код - определител по УДК | 347 |
| УДК определител | (47+57)(081.2) |
| УДК - код + определител | 347(47+57)(081.2) |
| 080 ## - УДК | |
| Текстов определител УДК | Наука за държавата и правото. Общи въпроси. Увод в правото. Методи и помощни науки на правото |
| УДК код - определител по УДК | 340 |
| УДК определител | (47+57)(081.2) |
| УДК - код + определител | 340(47+57)(081.2) |
| 100 1# - Редна дума - Автор | |
| Автор | Кони, Анатолий |
| Авторска отговорност | първи автор |
| R(LIN) | 343894 |
| 139 ## - Редно поле | |
| Редна дума | Кони, Анатолий |
| Авторски знак | Кон - К 81 |
| 245 10 - Сведения за заглавието | |
| Заглавие | Избрани произведения |
| Редно поле (дума) | Анатолий Кони; прев. от рус. Димитър Михайлов. |
| 257 ## - Страна на издаване | |
| Страна на създаване/издаване | СССР |
| 260 ## - Област на издателските данни | |
| -- | София |
| Име на издателя, разпространителя и проч. | Наука и изкуство |
| Година на издаване | 1986 |
| Печатница | Плевен : Ал. Пъшев |
| 300 ## - Физическа характеристика | |
| Страници | 480 с. |
| Размери/Мащаб | 21 см |
| 380 ## - Жанр | |
| Жанр | Обществени науки |
| 500 ## - Общи забележки | |
| Забележка | Ориг. загл. Избранные произведения / А. Ф. Кони. - 1 726 тир. Съдържа спомени за съдебни процеси в Русия през 70-те г. на XIX в., за известни рус. юристи и съдебни речи. |
| 650 #4 - Допълнително описание по предмет – тема | |
| Основно описание – тема или топоним | Съдебни процеси - СССР - история |
| 9 (RLIN) | 255842 |
| 653 ## - Ключова дума – ненормативна | |
| Ключова дума | съдебна практика |
| 653 ## - Ключова дума – ненормативна | |
| Ключова дума | съдебни процеси |
| 653 ## - Ключова дума – ненормативна | |
| Ключова дума | СССР |
| 653 ## - Ключова дума – ненормативна | |
| Ключова дума | спомени |
| 700 1# - Други автори (авторска отговорност) | |
| Лично име | Михайлов, Димитър |
| Автороска отговорност (Описва отношението между автора и произведението) | прев. от рус. |
| Друга информация | Христов, Димитър Михайлов |
| 9 (RLIN) | 363763 |
| 852 ## - Местоположение | |
| Форматна сигнатура | Цб 144294 |
| 856 4# - Електронен адрес и достъп | |
| Електронен формат | pdf - файл |
| Път до файла /url/ | |
| 856 4# - Електронен адрес и достъп | |
| Електронен формат | pdf - файл |
| Път до файла /url/ | |
| 942 ## - АРТИКУЛИ | |
| Вид на библиотечния материал | Книги |
| Скрит в OPAC | Не |
| 944 ## - СЪЗДАВАНЕ И РЕДАКЦИЯ на ЗАПИСА | |
| Създаване/Редакция | Създаване |
| Дата на регистрацията/редакция | 28.10.2016 |
| Служител, извършил регистрацията/редакцията | Елица_Владова |
| 944 ## - СЪЗДАВАНЕ И РЕДАКЦИЯ на ЗАПИСА | |
| Създаване/Редакция | Редакция |
| Дата на регистрацията/редакция | 28.10.2016 |
| Служител, извършил регистрацията/редакцията | Елица_Владова |
| 999 ## - СИСТЕМНИ КОНТРОЛНИ НОМЕРА | |
| Koha biblionumber | 185700 |
| Koha biblioitemnumber | 185700 |
| Код за отписване | Код за изгубен артикул | Източник на класификационната схема | Код за повреда | Коз за рестрикции | Код за отдаване | Артикулен № | Име на библиотеката - собственик | Име на библиотеката, в която се намира в момента | Статус (Текущо местоположение) | Дата на вписване в системата | Местоположение - отдел | Цена в лева | Инвентарен номер | Систематично азбучна сигнатура | Баркод | Номер на екземпляра | Цена в евро | Служебна бележка | Служебен тип на артикула |
|---|---|---|---|---|---|---|---|---|---|---|---|---|---|---|---|---|---|---|---|
| Не е изгубен | Universal Decimal Classification | Не е повреден | без рестрикции | ползва се в читалня | 322236 | Регионална библиотека "Любен Каравелов" Русе | Регионална библиотека "Любен Каравелов" Русе | Хранилище | 1986-01-01 | Хранилище | 4.66 | 456503 | Цб 144294 | 120000456503 | 1 | 2.38 | N: стар фонд Дата: 01.01.1986 | Книги | |
| Изтеглен | Не е изгубен | Universal Decimal Classification | Не е повреден | без рестрикции | заемане за дома | 322237 | Регионална библиотека "Любен Каравелов" Русе | Регионална библиотека "Любен Каравелов" Русе | Заемна - подръчен фонд | 1986-01-01 | Заемна - подръчен фонд | 4.66 | 469418 | П 347/К 81 | 469418 | 2 | 2.38 | N: стар фонд Дата: 01.01.1986 Дата инв: 05.02.2018 Бележки инв: П2018 | Книги |